Caste : (Record no. 123524)

MARC details
000 -LEADER
fixed length control field 00846nam a22002777a 4500
003 - CONTROL NUMBER IDENTIFIER
control field 0
005 - DATE AND TIME OF LATEST TRANSACTION
control field 20180727122116.0
008 - FIXED-LENGTH DATA ELEMENTS--GENERAL INFORMATION
fixed length control field 0
010 ## - LIBRARY OF CONGRESS CONTROL NUMBER
LC control number B-19783
020 ## - INTERNATIONAL STANDARD BOOK NUMBER
Terms of availability 550.00
International Standard Book Number 8187317396
035 ## - SYSTEM CONTROL NUMBER
System control number B-019783, B-019784
037 ## - SOURCE OF ACQUISITION
Source of stock number/acquisition Cen Lib/Ret
040 ## - CATALOGING SOURCE
Original cataloging agency DPL
Language of cataloging EN
Transcribing agency 0
082 ## - DEWEY DECIMAL CLASSIFICATION NUMBER
Classification number 305.568
100 ## - MAIN ENTRY--PERSONAL NAME
Personal name Toppo, S. R.
9 (RLIN) 6668
245 ## - TITLE STATEMENT
Title Caste :
Statement of responsibility, etc by S. R. Toppo
Remainder of title a social evil /
260 ## - PUBLICATION, DISTRIBUTION, ETC. (IMPRINT)
Place of publication, distribution, etc New Delhi
Name of publisher, distributor, etc Rajat Publications
Date of publication, distribution, etc 2000
270 ## - ADDRESS
Address 4675/21, Ansari Road, Darya Ganj
City New Delhi
Postal code 110002
300 ## - PHYSICAL DESCRIPTION
Extent v,314p.
Dimensions 20cm(Hb)
500 ## - GENERAL NOTE
General note Includes index
650 ## - SUBJECT ADDED ENTRY--TOPICAL TERM
Topical term or geographic name as entry element Caste--India
9 (RLIN) 6669
650 ## - SUBJECT ADDED ENTRY--TOPICAL TERM
Topical term or geographic name as entry element Social stratification -- India
9 (RLIN) 6670
650 ## - SUBJECT ADDED ENTRY--TOPICAL TERM
Topical term or geographic name as entry element जाति - भारत
9 (RLIN) 1541
650 ## - SUBJECT ADDED ENTRY--TOPICAL TERM
Topical term or geographic name as entry element सामाजिक स्तरीकरण - भारत
9 (RLIN) 3799
942 ## - ADDED ENTRY ELEMENTS (KOHA)
Source of classification or shelving scheme Dewey Decimal Classification
Koha item type English Books
Classification part 305.568
Call number suffix TOP
Holdings
Withdrawn status Lost status Source of classification or shelving scheme Damaged status Not for loan Home library Current library Date acquired Source of acquisition Cost, normal purchase price Total Checkouts Full call number Barcode Date last seen Copy number Cost, replacement price Price effective from Koha item type Collection code
    Dewey Decimal Classification     Central Library Central Library 08/06/2015 Cen Lib/Ret 550.00   305.568 TOP B-019783 08/06/2015 1 550.00 08/06/2015 English Books  
    Dewey Decimal Classification     Patel Nagar Patel Nagar 27/07/2018 BPPD/PUB 550.00   305.568 TOP B-019784 27/07/2018   550.00 27/07/2018 English Books Non-fiction

© Delhi Public Library
Hit Counter
free hit counter